PREVENCIA ZAČÍNA VÝCHOVOU

Bibliographic Details
Main Author: Žatkuláková, Renáta (Author)
Format: Article
Language:Slovak

MARC

LEADER 00000nab a2200000uu 4500
001 vtls010902928
003 SK-MaSNL
005 20260303142341.0
008 230222|2005 xo |||||||||||||||||slo|
015 |a SNBRB 
035 |a (urnnbn)urn:nbn:sk:snk:ar-a07pne 
035 |a (uuid)b4180470-0fde-4508-a672-aab74671569e 
035 |a urn:nbn:sk:snk-ab8u2u 
040 |a SNKBUCL  |b slo  |c SNKBUCL  |e AACR2 
041 0 |a slo 
044 |a xo  |c SK 
100 1 |a Žatkuláková, Renáta  |4 aut  |9 1106862 
245 1 0 |a PREVENCIA ZAČÍNA VÝCHOVOU  |c Renáta Žatkuláková 
773 0 |t Prevencia : informačný bulletin zameraný na prevenciu sociálno-patologických javov v rezorte školstva  |g Roč. 4, č. 2 (2005), s. 12-15 
954 |a odborná, vedecká literatúra pôvodná (slovenská)  |2 lita 
958 |a OND 
958 |a EUIPO 
958 |a article10 
999 |c 1982245  |d 1984175